<?xml version="1.0" encoding="UTF-8"?>
<record
    xmlns:xsi="http://www.w3.org/2001/XMLSchema-instance"
    xsi:schemaLocation="http://www.loc.gov/MARC21/slim http://www.loc.gov/standards/marcxml/schema/MARC21slim.xsd"
    xmlns="http://www.loc.gov/MARC21/slim">

  <leader>02522nam a22002417a 4500</leader>
  <datafield tag="999" ind1=" " ind2=" ">
    <subfield code="c">21896</subfield>
    <subfield code="d">21896</subfield>
  </datafield>
  <controlfield tag="003">AR-CdUCM</controlfield>
  <controlfield tag="008">190425b           ||||| |||| 00| 0 spa d</controlfield>
  <datafield tag="040" ind1=" " ind2=" ">
    <subfield code="a">MUNICIPALIDAD PROVINCIAL DEL CUSCO</subfield>
    <subfield code="c">BIBLIOTECA MUNICIPAL DEL CUSCO</subfield>
  </datafield>
  <datafield tag="082" ind1=" " ind2=" ">
    <subfield code="a">Rev.AHC/N&#xB0;1/1950</subfield>
  </datafield>
  <datafield tag="110" ind1=" " ind2=" ">
    <subfield code="a">Archivo Regional del Cusco</subfield>
    <subfield code="9">46600</subfield>
  </datafield>
  <datafield tag="245" ind1=" " ind2=" ">
    <subfield code="a">Revista del Archivo Hist&#xF3;rico del Cuzco /</subfield>
    <subfield code="c">Universidad Nacional del Cuzco</subfield>
  </datafield>
  <datafield tag="260" ind1=" " ind2=" ">
    <subfield code="a">Cusco :</subfield>
    <subfield code="b">H.G. Rozas,</subfield>
    <subfield code="c">1950.</subfield>
  </datafield>
  <datafield tag="300" ind1=" " ind2=" ">
    <subfield code="a">434 p&#xE1;ginas. :</subfield>
    <subfield code="b">ilustraciones ;</subfield>
    <subfield code="c">21 cm.</subfield>
  </datafield>
  <datafield tag="440" ind1=" " ind2=" ">
    <subfield code="a">Revista del Archivo Hist&#xF3;rico.</subfield>
    <subfield code="n">A&#xF1;o I, 1950, N&#xB0;1.</subfield>
    <subfield code="9">46726</subfield>
  </datafield>
  <datafield tag="505" ind1=" " ind2=" ">
    <subfield code="a">Contenido: Inauguraci&#xF3;n del Archivo Hist&#xF3;rico. -- Resoluci&#xF3;n Suprema que ordena la constituci&#xF3;n del archivo Hist&#xF3;rico del Cuzco. -- Acta de fundaci&#xF3;n del archivo. -- &#xCD;ndice de Bulas breves y edictos pontificios. -- Inventario cronol&#xF3;gica del primer legajo de cedulas dirigidas por los reyes de Espa&#xF1;a a los dominios de las am&#xE9;ricas en la segunda mitad del siglo XVIII. -- Comunicaciones originales del Virrey don Jos&#xE9; de la Serna. -- Documentos sobre el libertador. -- Relaci&#xF3;n de los asensos y empleos que el se&#xF1;or libertador ha prove&#xED;do en esta capital del Cuzco. -- Entrada del libertador al Cuzco, recepci&#xF3;n y fiestas organizadas en su honor. -- Manco C&#xE1;pac al Libertador. -- Programa de la segunda corrida de toros. -- Programa de la tercera corrida de toros. -- Catalogo e &#xED;ndice de los documentos relativos al Mariscal Antonio Jos&#xE9; de Sucre, Generales Rudecindo Alvarado, Pedro Antonio de Ola&#xF1;eta y otros. -- Documentos sobre Mariscal Gamarra. -- Entrada al Cuzco del General Gamarra y el ejercito Libertador. -- Expediente de la real audiencia del Cuzco. -- Documentos sobre la rebeli&#xF3;n del inca Jos&#xE9; Gabriel Tupac Amaru. --  Indios de sangre real. -- Relaci&#xF3;n cronol&#xF3;gica de los caciques e indios nobles que han tenido sus hijos en el colegio Real San Francisco de Borja. -- Un documento sobre el pr&#xF3;cer Jos&#xE9; Gabriel Aguilar vive la patria. -- El reparta de los tesoros del Cuzco Rafael Loredo. -- Relaci&#xF3;n de repartimientos que exist&#xED;an en el Cuzco al finalizar la rebeli&#xF3;n de Gonzalo Pizarro. -- Inventario de la Iglesia de la Compa&#xF1;&#xED;a del Cuzco, a&#xF1;o de 1767. -- Quispe Tito. Jorge Cornejo Bouroncle. -- Archivo del Colegio Nacional de Ciencias.</subfield>
  </datafield>
  <datafield tag="650" ind1=" " ind2=" ">
    <subfield code="a">Historia del Cusco</subfield>
    <subfield code="9">1714</subfield>
  </datafield>
  <datafield tag="650" ind1=" " ind2=" ">
    <subfield code="a">Fuentes escritas</subfield>
    <subfield code="9">2045</subfield>
  </datafield>
  <datafield tag="650" ind1=" " ind2=" ">
    <subfield code="a">Archivos hist&#xF3;ricos</subfield>
    <subfield code="9">44088</subfield>
  </datafield>
  <datafield tag="650" ind1=" " ind2=" ">
    <subfield code="a">Sim&#xF3;n Bol&#xED;var</subfield>
    <subfield code="9">1694</subfield>
  </datafield>
  <datafield tag="700" ind1=" " ind2=" ">
    <subfield code="a">Cornejo Bouroncle, Jorge</subfield>
    <subfield code="9">15278</subfield>
  </datafield>
  <datafield tag="942" ind1=" " ind2=" ">
    <subfield code="2">ddc</subfield>
    <subfield code="c">PP</subfield>
  </datafield>
  <datafield tag="945" ind1=" " ind2=" ">
    <subfield code="a">rac</subfield>
  </datafield>
  <datafield tag="952" ind1=" " ind2=" ">
    <subfield code="0">0</subfield>
    <subfield code="2">ddc</subfield>
    <subfield code="4">0</subfield>
    <subfield code="7">0</subfield>
    <subfield code="a">HEM</subfield>
    <subfield code="b">HEM</subfield>
    <subfield code="c">CART</subfield>
    <subfield code="d">2021-09-27</subfield>
    <subfield code="g">10.00</subfield>
    <subfield code="o">Rev.AHC/N&#xB0;1/1950</subfield>
    <subfield code="p">REVC000381</subfield>
    <subfield code="r">2021-09-27</subfield>
    <subfield code="y">PP</subfield>
  </datafield>
</record>
